00347nam a2200133Ia 4500008004100000020001500041041000800056082001700064100002900081245004100110250000600151260004400157300001200201210716s1993 xx 000 0 und d a0195077377 aeng a332.094 KINC aKindleberger, Charles P. aFinancial history of Western Europe. a2 aNew YorkbOxford University Pressc1993 axix,524